Riconosci il giocatore dalla carriera 5 - Statistics

Statistiche generali
  • Questo quiz è stato fatto 31 volte
  • Il punteggio medio è 5 su 12
Statistiche sulle risposte
Carriera Risposta % Corretto
PSG 2018-2019 Bordeaux 2019-2022 Milan 2022-2024Fiorentina 2024-2025 Al-Shabab 2025- Yacine Adli
82%
Inter Zaprešić 2011-2013 Lokomotiva Zagabria 2013-2014St. Pauli 2014-2015 Crotone 2015-2016 Sampdoria 2016- 2017 Crotone 2017-2019 Maiorca 2019-2020 Osasuna 2020- Ante Budimir
64%
Racing Club 2012-2014 Valencia 2014-2016 Racing Club2016 Udinese 2016-2021 Atlético Madrid 2021-2025 Inter Miami 2025- Rodrigo de Paul
64%
Real M. Castilla 2008-2010 Real Madrid 2010 Bolron 2010-2013 Fiorentina 2013-2014 Sunderland 2014 Fiorentina 2014-2016 Chelsea 2016-2022 Barcellona 2022-2024 Celta Vigo 2024- Marcos Alonso
61%
Genoa 2016-2018 Monaco 2018-2021 Milan 2021-2022Torino 2022-2024 Empoli 2024- Pietro Pellegri
54%
Schalke 04 2009-2016 Liverpool 2016-2024 Joël Matip
43%
Manchester Utd 2016-2018 Aston Villa 2018-2019 Manchester Utd 2019-2021 Aston Villa 2021-2022 Napoli 2022 Manchester Utd 2022-2023 Stoke City 2023 Ipswich Town 2023-2025 Burnley 2025- Axel Tuanzebe
36%
Dinamo Zagabria 2005-2006 Inter Zaprešić 2006-2008Dinamo Zagabria 2008-2010 Olympique Lione 2010-2013 Southampton 2013-2014 Liverpool 2014-2020 Zenit San Pietroburgo 2020-2023 Olympique Lione 2023-2024 PAOK 2024- Dejan Lovren
36%
Leicester City 2012-2013 Birmingham City 2013-2014Brighton 2014 Manchester Utd 2014-2015 Derby County 2015 Manchester Utd 2015-2021 West Ham Utd 2021 Manchester Utd 2021-2022 Nottingham Forest 2022-2023 Seoul 2024- Jesse Lingard
29%
Lech Poznań 2004-2005 Legia Varsavia 2005-2007 Arsenal2007-2014 Swansea City 2014-2018 West Ham Utd 2018- 2025 Łukasz Fabiański
29%
Girona 2020-2021 Braga 2021-2022 Girona 2022-2024Borussia Dortmund 2024- Yan Couto
29%
Copenaghen 2008-2017 Werder Brema 2017-2018 Borussia
Dortmund 2018-2021 Siviglia 2021-2023 Hoffenheim 2023
Anderlecht 2023-2024 Copenaghen 2024-
Thomas Delaney
18%
Nessun quiz corrispondente trovato
Distribuzione punteggi
Percentuale di utenti per punteggio
Percentile per numero di risposta
I tuoi punteggi nel tempo
Non hai fatto questo quiz